000 00520nam a22001937a 4500
003 MPLRDC
005 20220104123552.0
008 210129b ||||| |||| 00| 0 eng d
020 _a7-80081-531-5
082 _a083.6 DECS v.1
100 _a张卫东等编
245 _a为战车开道: 外交方略篇
_c
250 _a一版一刷
260 _a
_b蓝天出版社
_c1994
300 _b
490 _a第二次世界大战奇谋秘计丛书
650 _a现代丛书--通俗用
942 _cBK
_o083.6 DECS v.1
999 _c12455
_d12445